[Event "Mesa-A"]
[Site "Mesa"]
[Date "1992.??.??"]
[Round "?"]
[White "Tukmakov, Vladimir B"]
[Black "Topalov, Veselin"]
[Result "1/2-1/2"]
[WhiteElo "2535"]
[BlackElo "2460"]
[PlyCount "60"]
[EventDate "1992.??.??"]
[EventType "tourn"]
[EventRounds "9"]
[EventCountry "ESP"]
[EventCategory "11"]
[SourceTitle "EXT 2004"]
[Source "ChessBase"]
[SourceDate "2003.11.25"]
[SourceVersion "1"]
[SourceVersionDate "2003.11.25"]
[SourceQuality "1"]

1. d4 d5 2. c4 c6 3. Nc3 e6 4. e3 Nf6 5. Nf3 Nbd7 6. Qc2 Bd6 7. Be2 O-O 8. O-O
Re8 9. Rd1 Qe7 10. h3 b6 11. e4 Nxe4 12. Nxe4 dxe4 13. Qxe4 Bb7 14. Bf4 Bxf4
15. Qxf4 c5 16. Ne5 Nf6 17. Bf3 Bxf3 18. Qxf3 Qc7 19. Qe3 Rad8 20. dxc5 bxc5
21. Nd3 Rd4 22. Nxc5 Rxc4 23. b4 Qc6 24. Qb3 Qb5 25. Nd3 Rec8 26. a4 Qb8 27.
Rac1 Rxc1 28. Rxc1 Rxc1+ 29. Nxc1 Nd5 30. Nd3 Qc7 1/2-1/2

[Event "Mesa-A"]
[Site "Mesa"]
[Date "1992.??.??"]
[Round "?"]
[White "Ulybin, Mikhail"]
[Black "Topalov, Veselin"]
[Result "0-1"]
[WhiteElo "2585"]
[BlackElo "2460"]
[PlyCount "80"]
[EventDate "1992.??.??"]
[EventType "tourn"]
[EventRounds "9"]
[EventCountry "ESP"]
[EventCategory "11"]
[SourceTitle "EXT 2004"]
[Source "ChessBase"]
[SourceDate "2003.11.25"]
[SourceVersion "1"]
[SourceVersionDate "2003.11.25"]
[SourceQuality "1"]

1. d4 Nf6 2. c4 g6 3. Nc3 Bg7 4. e4 d6 5. Nf3 O-O 6. Be2 e5 7. O-O Nc6 8. d5
Ne7 9. Nd2 a5 10. a3 Nd7 11. Rb1 f5 12. b4 Kh8 13. Qc2 Ng8 14. exf5 gxf5 15. f4
Ne7 16. Nf3 e4 17. Ne1 c6 18. dxc6 bxc6 19. Be3 axb4 20. axb4 Nb6 21. Qd2 Be6
22. Bd4 Rf6 23. Nd1 d5 24. c5 Nc4 25. Qc3 Nc8 26. Nc2 Ra2 27. Bxc4 dxc4 28.
Nde3 Na7 29. Rfd1 Qf8 30. Be5 Nb5 31. Qe1 Rg6 32. Qh4 Ra8 33. Bxg7+ Rxg7 34.
Nd4 Nxd4 35. Rxd4 Rga7 36. h3 c3 37. Kh2 Ra2 38. Qe1 Qg7 39. Qxc3 Bd5 40. Qe1
Qxd4 0-1

[Event "Oviedo rapid45"]
[Site "Oviedo"]
[Date "1992.??.??"]
[Round "7"]
[White "Topalov, Veselin"]
[Black "Sokolov, Ivan"]
[Result "1/2-1/2"]
[WhiteElo "2460"]
[BlackElo "2630"]
[PlyCount "122"]
[EventDate "1992.??.??"]
[EventType "swiss (rapid)"]
[EventRounds "11"]
[EventCountry "ESP"]
[SourceTitle "TD"]
[Source "ChessBase"]
[SourceDate "1994.03.01"]
[SourceVersion "1"]
[SourceVersionDate "1994.03.01"]
[SourceQuality "1"]

1. c4 e5 2. g3 f5 3. Bg2 Nf6 4. d3 Nc6 5. Nc3 Bb4 6. Nh3 O-O 7. O-O Bxc3 8.
bxc3 b6 9. f4 exf4 10. Nxf4 Bb7 11. Ba3 Rf7 12. Nd5 g6 13. Qd2 Na5 14. Qf4 c6
15. Nxf6+ Qxf6 16. Bb4 c5 17. Bxa5 Bxg2 18. Kxg2 bxa5 19. Rac1 Qc6+ 20. Qf3 Re8
21. Qxc6 dxc6 22. Kf3 Rb7 23. Rb1 Reb8 24. Rb3 Rb6 25. Ra3 Ra6 26. Rb3 Rab6 27.
Ra3 Ra6 28. g4 fxg4+ 29. Kxg4 Rb2 30. Kf3 Kg7 31. Ke3 a4 32. h4 Ra5 33. d4
cxd4+ 34. cxd4 Rb4 35. Kd3 Rf5 36. Rxf5 gxf5 37. Rc3 Kf6 38. e4 fxe4+ 39. Kxe4
Ke6 40. h5 Rb2 41. Ra3 Rb4 42. c5 a5 43. h6 Rb1 44. Rxa4 Re1+ 45. Kf4 Rf1+ 46.
Ke3 Re1+ 47. Kd2 Rh1 48. Rxa5 Kd5 49. Kc3 Rc1+ 50. Kb2 Rh1 51. Ra7 Kxd4 52.
Rxh7 Kxc5 53. Ka3 Kb6 54. Rh8 Rh4 55. h7 Ka7 56. Kb3 c5 57. a4 Kb7 58. a5 Ka7
59. a6 Rb4+ 60. Kc2 Rc4+ 61. Kd2 Rd4+ 1/2-1/2

[Event "Ponferrada op1"]
[Site "Ponferrada"]
[Date "1992.??.??"]
[Round "?"]
[White "Garcia Ilundain, David"]
[Black "Topalov, Veselin"]
[Result "1/2-1/2"]
[WhiteElo "2425"]
[BlackElo "2460"]
[PlyCount "46"]
[EventDate "1992.??.??"]
[EventType "swiss"]
[EventRounds "9"]
[EventCountry "ESP"]
[SourceTitle "EXT 2002"]
[Source "ChessBase"]
[SourceDate "2001.11.25"]
[SourceVersion "1"]
[SourceVersionDate "2001.11.25"]
[SourceQuality "1"]

1. d4 Nf6 2. c4 e6 3. Nf3 d5 4. Nc3 c6 5. Bg5 h6 6. Bxf6 Qxf6 7. g3 Nd7 8. Qb3
Nb6 9. cxd5 exd5 10. Bg2 Bd6 11. O-O Bg4 12. a4 Bxf3 13. Bxf3 Rb8 14. a5 Nd7
15. Bg4 Qd8 16. e4 Nf6 17. Bf3 dxe4 18. Nxe4 O-O 19. Rfe1 Nxe4 20. Rxe4 Qf6 21.
Kg2 g6 22. Rae1 Bc7 23. Qc3 Qf5 1/2-1/2

[Event "Ponferrada op1"]
[Site "Ponferrada"]
[Date "1992.??.??"]
[Round "?"]
[White "Topalov, Veselin"]
[Black "Azmaiparashvili, Zurab"]
[Result "1-0"]
[WhiteElo "2460"]
[BlackElo "2610"]
[PlyCount "73"]
[EventDate "1992.??.??"]
[EventType "swiss"]
[EventRounds "9"]
[EventCountry "ESP"]
[SourceTitle "EXT 2002"]
[Source "ChessBase"]
[SourceDate "2001.11.25"]
[SourceVersion "1"]
[SourceVersionDate "2001.11.25"]
[SourceQuality "1"]

1. d4 d6 2. Bg5 g6 3. c4 Bg7 4. Nc3 f6 5. Bh4 e5 6. e3 Nd7 7. Bd3 Nh6 8. Nge2
O-O 9. f3 c6 10. O-O Qe8 11. b4 f5 12. Qd2 Nf7 13. b5 Bh6 14. f4 Nb6 15. c5
dxc5 16. dxe5 c4 17. Bc2 Nxe5 18. fxe5 Qxe5 19. Rf3 cxb5 20. Bg3 Qf6 21. Rd1
Be6 22. Nxb5 Rad8 23. Ned4 Nd5 24. Qe1 a6 25. Bh4 g5 26. Nxe6 Qxe6 27. Nd4 Qb6
28. Nxf5 gxh4 29. Rxd5 Rxd5 30. Ne7+ Kg7 31. Nxd5 Qb2 32. Rxf8 Kxf8 33. Qf1+
Ke8 34. Qxc4 Kd7 35. Qc7+ Ke6 36. Nf4+ Bxf4 37. Bb3+ 1-0

[Event "Ponferrada op1"]
[Site "Ponferrada"]
[Date "1992.??.??"]
[Round "?"]
[White "Topalov, Veselin"]
[Black "Martin Gonzalez, Angel"]
[Result "1-0"]
[WhiteElo "2460"]
[BlackElo "2430"]
[PlyCount "61"]
[EventDate "1992.??.??"]
[EventType "swiss"]
[EventRounds "9"]
[EventCountry "ESP"]
[SourceTitle "EXT 2002"]
[Source "ChessBase"]
[SourceDate "2001.11.25"]
[SourceVersion "1"]
[SourceVersionDate "2001.11.25"]
[SourceQuality "1"]

1. d4 Nf6 2. c4 c5 3. d5 e6 4. Nc3 exd5 5. cxd5 d6 6. e4 g6 7. f3 Bg7 8. Nge2
O-O 9. Ng3 Re8 10. Be2 a6 11. a4 Nbd7 12. O-O Rb8 13. Be3 h5 14. Qd2 h4 15. Nh1
Nh7 16. Nf2 Qc7 17. Kh1 c4 18. Ba7 Ra8 19. Bd4 Ndf6 20. a5 Bd7 21. Na4 Bb5 22.
Nb6 Rad8 23. Rac1 Qe7 24. Bxc4 Bxc4 25. Rxc4 Qf8 26. Qf4 g5 27. Qd2 Nd7 28.
Nxd7 Rxd7 29. Be3 Qe7 30. Ng4 Rc7 31. Bxg5 1-0

[Event "Ponferrada op1"]
[Site "Ponferrada"]
[Date "1992.??.??"]
[Round "?"]
[White "Topalov, Veselin"]
[Black "Todorcevic, Miodrag"]
[Result "1-0"]
[WhiteElo "2460"]
[BlackElo "2470"]
[PlyCount "87"]
[EventDate "1992.??.??"]
[EventType "swiss"]
[EventRounds "9"]
[EventCountry "ESP"]
[SourceTitle "EXT 2002"]
[Source "ChessBase"]
[SourceDate "2001.11.25"]
[SourceVersion "1"]
[SourceVersionDate "2001.11.25"]
[SourceQuality "1"]

1. d4 g6 2. e4 Bg7 3. Nf3 d6 4. c4 e5 5. Be2 Nc6 6. Be3 Nf6 7. d5 Ne7 8. Nfd2
O-O 9. Nc3 Ne8 10. b4 f5 11. f3 Kh8 12. h4 c6 13. g4 b5 14. dxc6 fxg4 15. cxb5
Nc7 16. fxg4 d5 17. b6 axb6 18. Bxb6 Rb8 19. Bxc7 Qxc7 20. b5 Qa7 21. Qc2 Qf2+
22. Kd1 Qg2 23. Re1 Bxg4 24. c7 Rbc8 25. b6 Nc6 26. exd5 Bf5 27. Qb2 Nd4 28. d6
Nxe2 29. Rxe2 Qg1+ 30. Re1 Qg4+ 31. Kc1 Qg3 32. Re4 Bh6 33. b7 Qg1+ 34. Kc2 Qd4
35. bxc8=Q Rxc8 36. Rd1 Qxd6 37. Nb5 Qc6+ 38. Kb1 Bxe4+ 39. Nxe4 Qxe4+ 40. Ka1
Bf8 41. Rd8 Qf5 42. Qb1 Qh3 43. Qd3 Qh1+ 44. Qd1 1-0

[Event "Ponferrada op1"]
[Site "Ponferrada"]
[Date "1992.??.??"]
[Round "2"]
[White "Topalov, Veselin"]
[Black "Del Rio de Angelis, Salvador Gabriel"]
[Result "1-0"]
[WhiteElo "2460"]
[BlackElo "2280"]
[PlyCount "35"]
[EventDate "1992.??.??"]
[EventType "swiss"]
[EventRounds "9"]
[EventCountry "ESP"]
[SourceTitle "EXT 2002"]
[Source "ChessBase"]
[SourceDate "2001.11.25"]
[SourceVersion "1"]
[SourceVersionDate "2001.11.25"]
[SourceQuality "1"]

1. c4 e6 2. Nc3 d5 3. d4 Be7 4. Nf3 Nf6 5. Bg5 O-O 6. e3 Nbd7 7. Qc2 c6 8.
O-O-O dxc4 9. Bxc4 Qa5 10. Kb1 b5 11. Bd3 Bb7 12. Bxh7+ Nxh7 13. Bxe7 Rfe8 14.
Bc5 Nhf6 15. Ne4 Nxe4 16. Qxe4 b4 17. Ng5 Nf6 18. Qc2 1-0

[Event "Ponferrada op1"]
[Site "Ponferrada"]
[Date "1992.??.??"]
[Round "3"]
[White "Matamoros Franco, Carlos S"]
[Black "Topalov, Veselin"]
[Result "0-1"]
[WhiteElo "2420"]
[BlackElo "2460"]
[PlyCount "70"]
[EventDate "1992.??.??"]
[EventType "swiss"]
[EventRounds "9"]
[EventCountry "ESP"]
[SourceTitle "EXT 2002"]
[Source "ChessBase"]
[SourceDate "2001.11.25"]
[SourceVersion "1"]
[SourceVersionDate "2001.11.25"]
[SourceQuality "1"]

1. Nf3 Nf6 2. c4 e6 3. g3 d5 4. d4 Bb4+ 5. Bd2 a5 6. Bg2 O-O 7. Qc2 b6 8. cxd5
exd5 9. O-O Ba6 10. Bg5 Re8 11. Ne5 c6 12. Nc3 Be7 13. Rfe1 h6 14. Bf4 Bf8 15.
Rad1 Ra7 16. e4 dxe4 17. Nxe4 Nd5 18. Nxc6 Nxc6 19. Qxc6 Nxf4 20. gxf4 Rae7 21.
Qc1 Bb7 22. d5 Rd7 23. Nc3 Rxe1+ 24. Rxe1 Bb4 25. Re5 Bd6 26. Re4 Qb8 27. Qe3
Rd8 28. Qxb6 f5 29. Re1 Kh8 30. h3 Rc8 31. Qd4 Ba6 32. Re6 Kh7 33. Bf1 Bxf1 34.
Kxf1 Qxb2 35. Rxd6 Rxc3 0-1

[Event "St Cugat op"]
[Site "St Cugat"]
[Date "1992.??.??"]
[Round "5"]
[White "Topalov, Veselin"]
[Black "Glavina, Pablo"]
[Result "1-0"]
[WhiteElo "2460"]
[BlackElo "2405"]
[PlyCount "117"]
[EventDate "1992.??.??"]
[EventType "swiss"]
[EventRounds "9"]
[EventCountry "ESP"]
[SourceTitle "TD"]
[Source "ChessBase"]
[SourceDate "1994.03.01"]
[SourceVersion "1"]
[SourceVersionDate "1994.03.01"]
[SourceQuality "1"]

1. d4 Nf6 2. c4 g6 3. Nc3 Bg7 4. e4 d6 5. f3 O-O 6. Nge2 c5 7. Be3 Nc6 8. d5
Ne5 9. Ng3 e6 10. Be2 exd5 11. cxd5 h5 12. O-O Re8 13. Qd2 h4 14. Nh1 Nh7 15.
Nf2 f5 16. Rae1 a6 17. a3 Qf6 18. Nh3 Nf7 19. Nf4 b5 20. exf5 Bxf5 21. Bd3 Ne5
22. Ne4 Qd8 23. Be2 Nf7 24. h3 Nf6 25. Bd3 Ne5 26. Nxf6+ Qxf6 27. Bxf5 Nc4 28.
Qf2 Qxf5 29. Ne6 Bxb2 30. Qxh4 Nxe3 31. Rxe3 Qxd5 32. Rfe1 Be5 33. Nc7 Qd4 34.
Qg5 Kg7 35. Nxa8 Bf6 36. Kh1 Bxg5 37. Rxe8 Kf7 38. Nc7 Qc3 39. f4 Bd8 40. Kh2
Qd2 41. R1e4 Bf6 42. R8e6 c4 43. Kg3 g5 44. Kf3 d5 45. Re3 Qd1+ 46. Kg3 gxf4+
47. Kxf4 Qh5 48. g4 Qg5+ 49. Kf3 c3 50. Ne8 c2 51. Nxf6 c1=Q 52. Re7+ Kg6 53.
Nh5 Qxe7 54. Rxe7 Qxa3+ 55. Re3 Qa1 56. Nf4+ Kg5 57. Kg3 Qg1+ 58. Ng2 a5 59.
Re6 1-0

[Event "BUL-ch"]
[Site "Sofia"]
[Date "1992.??.??"]
[Round "1"]
[White "Topalov, Veselin"]
[Black "Popchev, Milko"]
[Result "1-0"]
[WhiteElo "2460"]
[BlackElo "2465"]
[PlyCount "55"]
[EventDate "1992.03.??"]
[EventType "tourn"]
[EventRounds "13"]
[EventCountry "BUL"]
[EventCategory "7"]
[SourceTitle "TD"]
[Source "ChessBase"]
[SourceDate "1994.03.01"]
[SourceVersion "1"]
[SourceVersionDate "1994.03.01"]
[SourceQuality "1"]

1. d4 d5 2. c4 c6 3. Nc3 Nf6 4. e3 a6 5. Nf3 b5 6. b3 Bf5 7. Ne5 e6 8. g4 Bg6
9. h4 Ne4 10. Nxe4 Bxe4 11. f3 f6 12. Nxc6 Nxc6 13. fxe4 dxe4 14. Qc2 f5 15.
gxf5 exf5 16. Bd2 Rc8 17. Bc3 Bb4 18. O-O-O Qa5 19. Ba1 Ba3+ 20. Kb1 Nb4 21.
Qc3 O-O 22. d5 Rf7 23. Rg1 Qc7 24. Bh3 bxc4 25. d6 Nxa2 26. Kxa2 Bxd6 27. Rxd6
cxb3+ 28. Qxb3 1-0

[Event "BUL-ch"]
[Site "Sofia"]
[Date "1992.??.??"]
[Round "3"]
[White "Topalov, Veselin"]
[Black "Semkov, Semko"]
[Result "1-0"]
[WhiteElo "2460"]
[BlackElo "2480"]
[PlyCount "82"]
[EventDate "1992.03.??"]
[EventType "tourn"]
[EventRounds "13"]
[EventCountry "BUL"]
[EventCategory "7"]
[SourceTitle "TD"]
[Source "ChessBase"]
[SourceDate "1994.03.01"]
[SourceVersion "1"]
[SourceVersionDate "1994.03.01"]
[SourceQuality "1"]

1. d4 d5 2. c4 e6 3. Nf3 c6 4. Nc3 Nf6 5. Bg5 h6 6. Bh4 dxc4 7. e4 g5 8. Bg3 b5
9. e5 Nh5 10. Be2 Bb7 11. O-O Be7 12. a4 a6 13. Ne4 Nd7 14. Nd6+ Bxd6 15. exd6
Ng7 16. Ne5 h5 17. axb5 axb5 18. Rxa8 Bxa8 19. Nxd7 Qxd7 20. h4 gxh4 21. Bxh4
Qxd6 22. Bf6 Rg8 23. Qa1 Qb8 24. Bf3 Kd7 25. Qa3 Nf5 26. Ra1 Bb7 27. Qb4 Qd6
28. Qc3 Ra8 29. Rxa8 Bxa8 30. Be5 Qf8 31. Qa5 Qc8 32. Bxh5 Ke7 33. Qa3+ c5 34.
Qa7+ Bb7 35. Bf3 f6 36. Bxb7 Qd7 37. Qxc5+ Kf7 38. Bc6 Qe7 39. Bb8 Qxc5 40.
dxc5 Nd4 41. Bf4 b4 1-0

[Event "BUL-ch"]
[Site "Sofia"]
[Date "1992.??.??"]
[Round "4"]
[White "Radulski, Julian"]
[Black "Topalov, Veselin"]
[Result "1/2-1/2"]
[WhiteElo "2270"]
[BlackElo "2460"]
[PlyCount "73"]
[EventDate "1992.03.??"]
[EventType "tourn"]
[EventRounds "13"]
[EventCountry "BUL"]
[EventCategory "7"]
[SourceTitle "TD"]
[Source "ChessBase"]
[SourceDate "1994.03.01"]
[SourceVersion "1"]
[SourceVersionDate "1994.03.01"]
[SourceQuality "1"]

1. e4 c5 2. Nc3 d6 3. g3 g6 4. Bg2 Bg7 5. d3 Nc6 6. f4 e6 7. Nf3 Nge7 8. O-O
O-O 9. Be3 b6 10. d4 Ba6 11. Rf2 Na5 12. Bf1 Bxf1 13. Qxf1 d5 14. Rd1 Rc8 15.
dxc5 bxc5 16. exd5 exd5 17. Na4 d4 18. Bd2 Nb7 19. c3 Nd6 20. cxd4 cxd4 21. Qd3
Qd7 22. b3 Qb5 23. Qxb5 Nxb5 24. Bb4 Rfe8 25. Bxe7 Rxe7 26. Kf1 Bf6 27. Nb2 Nc3
28. Rc1 Rd8 29. Nc4 Re6 30. Nce5 Ra6 31. Nxd4 Nxa2 32. Rc6 Nb4 33. Rxa6 Nxa6
34. Ndc6 Rd1+ 35. Kg2 Bxe5 36. Nxe5 Nb4 37. Nc4 1/2-1/2

[Event "BUL-ch"]
[Site "Sofia"]
[Date "1992.??.??"]
[Round "5"]
[White "Topalov, Veselin"]
[Black "Kolev, Atanas"]
[Result "1/2-1/2"]
[WhiteElo "2460"]
[BlackElo "2445"]
[PlyCount "99"]
[EventDate "1992.03.??"]
[EventType "tourn"]
[EventRounds "13"]
[EventCountry "BUL"]
[EventCategory "7"]
[SourceTitle "TD"]
[Source "ChessBase"]
[SourceDate "1994.03.01"]
[SourceVersion "1"]
[SourceVersionDate "1994.03.01"]
[SourceQuality "1"]

1. d4 Nf6 2. c4 e6 3. Nf3 b6 4. g3 Ba6 5. b3 Bb4+ 6. Bd2 Be7 7. Bg2 c6 8. Bc3
d5 9. Ne5 Nfd7 10. Nxd7 Nxd7 11. Nd2 O-O 12. O-O b5 13. Re1 bxc4 14. bxc4 Nb6
15. c5 Nc4 16. Bf1 Nxd2 17. Bxd2 e5 18. dxe5 Bxc5 19. Qc2 Qe7 20. Rad1 Rac8 21.
Bh3 Rc7 22. Bf5 h6 23. Qa4 Bc8 24. e4 Be6 25. exd5 cxd5 26. Qg4 Bxf5 27. Qxf5
Qe6 28. Qd3 Bb6 29. Be3 d4 30. Bxd4 Rd8 31. Qe3 Rxd4 32. Rxd4 Rc4 33. Rd6 Bxe3
34. Rxe6 Bxf2+ 35. Kxf2 fxe6 36. Re2 Ra4 37. Ke3 Kf7 38. Rc2 Kg6 39. Rc7 Rxa2
40. Kf4 Ra4+ 41. Kf3 a5 42. g4 Ra3+ 43. Kf4 Ra4+ 44. Kf3 h5 45. gxh5+ Kf5 46.
Rf7+ Kxe5 47. Rxg7 Rh4 48. Rg5+ Kf6 49. Rxa5 e5 50. h6 1/2-1/2

[Event "BUL-ch"]
[Site "Sofia"]
[Date "1992.??.??"]
[Round "6"]
[White "Genov, Petar"]
[Black "Topalov, Veselin"]
[Result "1-0"]
[WhiteElo "2450"]
[BlackElo "2460"]
[PlyCount "89"]
[EventDate "1992.03.??"]
[EventType "tourn"]
[EventRounds "13"]
[EventCountry "BUL"]
[EventCategory "7"]
[SourceTitle "TD"]
[Source "ChessBase"]
[SourceDate "1994.03.01"]
[SourceVersion "1"]
[SourceVersionDate "1994.03.01"]
[SourceQuality "1"]

1. d4 f5 2. g3 Nf6 3. Bg2 g6 4. Nf3 Bg7 5. O-O O-O 6. Nbd2 Qe8 7. b3 d6 8. Bb2
Nc6 9. Re1 e5 10. e4 Nxe4 11. dxe5 d5 12. c4 Be6 13. cxd5 Bxd5 14. Nxe4 Bxe4
15. Ng5 Bxg2 16. Kxg2 f4 17. Re4 Rd8 18. Qc2 fxg3 19. hxg3 h6 20. Qc4+ Kh8 21.
Nf3 g5 22. Rh1 Qg6 23. g4 Rxf3 24. Kxf3 Rd2 25. Bc3 b5 26. Qc5 Rc2 27. Qe3 Ne7
28. Be1 Nd5 29. Qd3 Qc6 30. Kg3 Nf4 31. Qf3 Qd5 32. Re3 Qg8 33. e6 Nxe6 34. Bc3
Rxc3 35. Rxc3 Be5+ 36. Kg2 Nf4+ 37. Kf1 Qg6 38. Rc1 Kh7 39. Re1 Bd4 40. Re7+
Bg7 41. Qe4 Qxe4 42. Rxe4 Nd5 43. Kg2 Bf8 44. Rd1 c6 45. Kf3 1-0

[Event "BUL-ch"]
[Site "Sofia"]
[Date "1992.??.??"]
[Round "9"]
[White "Topalov, Veselin"]
[Black "Ermenkov, Evgenij"]
[Result "1/2-1/2"]
[WhiteElo "2460"]
[BlackElo "2505"]
[PlyCount "133"]
[EventDate "1992.03.??"]
[EventType "tourn"]
[EventRounds "13"]
[EventCountry "BUL"]
[EventCategory "7"]
[SourceTitle "TD"]
[Source "ChessBase"]
[SourceDate "1994.03.01"]
[SourceVersion "1"]
[SourceVersionDate "1994.03.01"]
[SourceQuality "1"]

1. d4 d5 2. c4 e6 3. Nc3 c5 4. cxd5 exd5 5. Nf3 Nc6 6. g3 Nf6 7. Bg2 Be7 8. O-O
O-O 9. dxc5 Bxc5 10. Bg5 d4 11. Ne4 Be7 12. Bxf6 Bxf6 13. Ne1 Bf5 14. Nd3 Bxe4
15. Bxe4 Re8 16. Bxc6 bxc6 17. Rc1 Qb6 18. Re1 Re6 19. Qa4 Rae8 20. Rc2 g6 21.
Nf4 Rd6 22. Rec1 Rc8 23. Qa3 Be7 24. Rc4 Rd7 25. Qf3 Qxb2 26. Nd3 Qb5 27. a4
Qd5 28. Qxd5 Rxd5 29. Rxc6 Rxc6 30. Rxc6 Rd7 31. Kf1 Kg7 32. Ke1 h5 33. Kd2 Rb7
34. Rc4 Bf6 35. Kc2 g5 36. Nc5 Rb6 37. Nb3 d3+ 38. exd3 g4 39. a5 Re6 40. Kd2
Bg5+ 41. Kd1 Kg6 42. Nc5 Re5 43. d4 Rd5 44. Ke2 Bf6 45. Nb3 Rb5 46. Rc3 Bd8 47.
a6 Rb6 48. Nc5 Rb2+ 49. Ke3 Bg5+ 50. f4 gxf3+ 51. Kxf3 Rxh2 52. Ne4 Ra2 53.
Rc6+ f6 54. d5 Ra3+ 55. Kg2 Rd3 56. d6 Kf5 57. Nc5 Rd2+ 58. Kf3 Bh6 59. Rc7
Rxd6 60. Rxa7 Rc6 61. Ne4 Rb6 62. Nc5 Rc6 63. Nd3 Rc3 64. Ke2 Rc2+ 65. Kf3 Rc3
66. Ke2 Rc2+ 67. Kf3 1/2-1/2

[Event "BUL-ch"]
[Site "Sofia"]
[Date "1992.??.??"]
[Round "11"]
[White "Topalov, Veselin"]
[Black "Grigorov, Jordan N"]
[Result "0-1"]
[WhiteElo "2460"]
[BlackElo "2390"]
[PlyCount "84"]
[EventDate "1992.03.??"]
[EventType "tourn"]
[EventRounds "13"]
[EventCountry "BUL"]
[EventCategory "7"]
[SourceTitle "TD"]
[Source "ChessBase"]
[SourceDate "1994.03.01"]
[SourceVersion "1"]
[SourceVersionDate "1994.03.01"]
[SourceQuality "1"]

1. d4 f5 2. g3 g6 3. Bg2 Nf6 4. Nh3 Bg7 5. Nf4 c6 6. Nc3 d5 7. h4 O-O 8. h5 Qe8
9. hxg6 hxg6 10. Nd3 Nbd7 11. Bh6 e5 12. Bxg7 Kxg7 13. dxe5 Nxe5 14. Qd2 Nxd3+
15. cxd3 Be6 16. d4 Rh8 17. O-O-O Qe7 18. Qg5 Kf7 19. Qf4 Nh5 20. Qe3 Qd6 21.
Rh4 Nf6 22. Rdh1 Rxh4 23. Rxh4 Rg8 24. Nb1 g5 25. Rh1 Ng4 26. Qf3 Kg6 27. e3
Qf8 28. Qe2 Rh8 29. Rg1 Qb4 30. f3 Nf6 31. Nc3 Rh2 32. a3 Qd6 33. Qe1 Kf7 34.
Bf1 b5 35. Na2 Bd7 36. Nb4 c5 37. Nd3 c4 38. Ne5+ Ke6 39. g4 fxg4 40. fxg4 Ne4
41. Bg2 c3 42. b4 Qa6 0-1

[Event "BUL-ch"]
[Site "Sofia"]
[Date "1992.??.??"]
[Round "13"]
[White "Lalev, Dimitar"]
[Black "Topalov, Veselin"]
[Result "1-0"]
[WhiteElo "2425"]
[BlackElo "2460"]
[PlyCount "74"]
[EventDate "1992.03.??"]
[EventType "tourn"]
[EventRounds "13"]
[EventCountry "BUL"]
[EventCategory "7"]
[SourceTitle "TD"]
[Source "ChessBase"]
[SourceDate "1994.03.01"]
[SourceVersion "1"]
[SourceVersionDate "1994.03.01"]
[SourceQuality "1"]

1. d4 Nf6 2. c4 c5 3. d5 b5 4. cxb5 a6 5. e3 axb5 6. Bxb5 Qa5+ 7. Nc3 Bb7 8.
Nge2 Bxd5 9. O-O Bc6 10. a4 e6 11. e4 Bxb5 12. Nxb5 Nxe4 13. Bf4 Na6 14. Nec3
Nxc3 15. bxc3 d5 16. Re1 Be7 17. Qh5 Kf8 18. Re3 Qd8 19. Rf3 Kg8 20. Be5 f6 21.
Qg4 Kf7 22. Qh5+ g6 23. Qh6 c4 24. g4 Kg8 25. Nd4 Nc5 26. Nc6 Bf8 27. Qf4 Nd3
28. Qxf6 Qxf6 29. Bxf6 Bg7 30. Rb1 Nc5 31. Ne7+ Kf7 32. Bd4+ Kxe7 33. Bxc5+ Ke8
34. Rb7 Bf8 35. Bd4 Rg8 36. Rf6 Kd8 37. Rxe6 Rxa4 1-0

[Event "Ibercaja op"]
[Site "Zaragoza"]
[Date "1992.??.??"]
[Round "?"]
[White "Leskovar, Mario Leopoldo"]
[Black "Topalov, Veselin"]
[Result "0-1"]
[WhiteElo "2365"]
[BlackElo "2460"]
[PlyCount "82"]
[EventDate "1992.04.??"]
[EventType "swiss"]
[EventRounds "9"]
[EventCountry "ESP"]
[SourceTitle "TD"]
[Source "ChessBase"]
[SourceDate "1994.03.01"]
[SourceVersion "1"]
[SourceVersionDate "1994.03.01"]
[SourceQuality "1"]

1. b3 e5 2. Bb2 d6 3. e3 g6 4. d4 Bg7 5. dxe5 Nd7 6. Nf3 dxe5 7. Nbd2 Ne7 8.
Nc4 f6 9. h4 b6 10. h5 Bb7 11. hxg6 hxg6 12. Rxh8+ Bxh8 13. Nh4 Nc5 14. Qg4 Qc8
15. Qxc8+ Rxc8 16. Ba3 g5 17. Bxc5 gxh4 18. Ba3 Bg7 19. Rd1 Be4 20. Rd2 Bc6 21.
Be2 b5 22. Bh5+ Kf8 23. Na5 Bxg2 24. f3 h3 25. Kf2 c5 26. Bxc5 Bh6 27. b4 Rc7
28. Nb3 Kg7 29. Bxe7 Rxe7 30. Nc5 f5 31. Nd7 Bxe3+ 32. Kxe3 Kh6 33. Nf6 Re6 34.
Bg4 h2 35. Rxg2 h1=Q 36. Ng8+ Kg7 37. Bxf5+ Qxg2 38. Bxe6 Qxc2 39. Bb3 Qc3+ 40.
Kf2 Qxb4 41. Kg3 a5 0-1

[Event "Ibercaja op"]
[Site "Zaragoza"]
[Date "1992.??.??"]
[Round "?"]
[White "Topalov, Veselin"]
[Black "Ulybin, Mikhail"]
[Result "1/2-1/2"]
[WhiteElo "2460"]
[BlackElo "2585"]
[PlyCount "110"]
[EventDate "1992.04.??"]
[EventType "swiss"]
[EventRounds "9"]
[EventCountry "ESP"]
[SourceTitle "TD"]
[Source "ChessBase"]
[SourceDate "1994.03.01"]
[SourceVersion "1"]
[SourceVersionDate "1994.03.01"]
[SourceQuality "1"]

1. d4 e6 2. c4 f5 3. g3 Nf6 4. Bg2 c6 5. Nh3 d6 6. O-O Be7 7. b3 O-O 8. Bb2 Qc7
9. Nd2 e5 10. Qc2 Ng4 11. e4 f4 12. c5 fxg3 13. hxg3 dxc5 14. dxc5 Be6 15. Qc3
Bf6 16. Nc4 Nd7 17. b4 b6 18. Nd6 a5 19. a3 bxc5 20. bxc5 Rab8 21. Rab1 Qa7 22.
Rfc1 Rb3 23. Qc2 Rfb8 24. Bf1 Kh8 25. Kg2 Qxc5 26. Qxc5 Nxc5 27. Rxc5 Rxb2 28.
Rxb2 Rxb2 29. Rxa5 h5 30. Kg1 Nh6 31. Ng5 Bxg5 32. Rxe5 Bf6 33. Rxe6 Bd4 34.
Re8+ Kh7 35. e5 Rxf2 36. Bd3+ g6 37. Kh1 Ng4 38. Re7+ Kh8 39. Re8+ Kg7 40. Re7+
Kh8 41. Re8+ Kh7 42. Re7+ Kh6 43. Nf7+ Kg7 44. Nd6+ Kh6 45. Nf7+ Rxf7 46. Rxf7
Nxe5 47. Rf4 Bb2 48. Be4 Bxa3 49. Rf6 c5 50. Kg2 Bb2 51. Ra6 Bd4 52. Rb6 Kg7
53. Rb7+ Kf6 54. Rb6+ Kg5 55. Rd6 Kh6 1/2-1/2

[Event "Palma de Mallorca op"]
[Site "Palma de Mallorca"]
[Date "1992.??.??"]
[Round "4"]
[White "Topalov, Veselin"]
[Black "Reyes Larena, Juan"]
[Result "1-0"]
[WhiteElo "2460"]
[BlackElo "2415"]
[PlyCount "93"]
[EventDate "1992.04.??"]
[EventType "swiss"]
[EventRounds "9"]
[EventCountry "ESP"]
[SourceTitle "TD"]
[Source "ChessBase"]
[SourceDate "1994.03.01"]
[SourceVersion "1"]
[SourceVersionDate "1994.03.01"]
[SourceQuality "1"]

1. d4 Nf6 2. c4 g6 3. Nc3 Bg7 4. e4 d6 5. f3 O-O 6. Bg5 c5 7. d5 e6 8. Qd2 exd5
9. cxd5 a6 10. a4 Qa5 11. Ra3 Re8 12. Nge2 Nbd7 13. Ng3 Rb8 14. Be2 Qc7 15. O-O
c4 16. Be3 b5 17. axb5 axb5 18. b4 Ne5 19. Ra7 Qd8 20. Ra5 Bd7 21. f4 Neg4 22.
Bd4 h5 23. Bf3 h4 24. Nge2 h3 25. gxh3 Nh6 26. Bg2 Kh7 27. Ng3 Nfg8 28. Ra7 Ne7
29. Bxg7 Kxg7 30. f5 Nc8 31. f6+ Kh7 32. Ra6 Re5 33. Nce2 Nb6 34. Nd4 Qc8 35.
Ra3 Na4 36. Nge2 Rh5 37. Nf3 Qc7 38. Kh1 Rc8 39. Ng5+ Kg8 40. Bf3 c3 41. Nxc3
Bxh3 42. Nxb5 Qb6 43. Nxh3 Rxh3 44. Be2 Nc3 45. Rxc3 Rcxc3 46. Nxc3 Qxb4 47.
Rf3 1-0